Statistiques concernant Villes méditerranéennes les plus peuplées

Cliquez ici pour prendre le quiz!

Statistiques générales

  • Ce quiz a été pris 2,608 fois
  • Le résultat moyen est 10 sur 16

Statistiques - réponses

Population Continent Ville % Correct
1 660 000EuropeMarseille
94%
3 825 000AfriqueAlger
93%
2 575 000AfriqueTunis
89%
4 700 000EuropeBarcelone
88%
3 600 000EuropeRome
87%
3 375 000EuropeAthènes
87%
5 850 000AfriqueAlexandrie
74%
4 225 000EuropeNaples
74%
1 180 000AfriqueTripoli
69%
2 625 000AsieTel Aviv
60%
1 750 000AsieBeyrouth
58%
1 760 000EuropeValence
53%
1 420 000AfriqueOran
32%
3 000 000AsieIzmir
31%
1 240 000AsieAntalya
20%
1 910 000AsieGaza
15%

Distribution des résultats

Percentile by Number Answered

% des personnes avec chaque résultat

Votre développement - résultats

Vous n’avez pas pris ce quiz